000 00305nam a2200133Ia 4500
008 191201s2012 xx 000 0 und d
082 _a004.678
_bKAM
100 _aKAMAL,Raj
245 0 _aMobile Computing
260 _aN. Delhi
_bOxford
_c2012
300 _a627
650 _aM.Tech(CSE)
942 _2ddc
_cBK
999 _c5770
_d5770